Investigación en o investigación acerca de la formación docente : un estado del arte en los noventa. /

Un estado del arte es un mapa que nos permite continuar caminando; un estado del arte es también una posibilidad de hilvanar discursos que en una primera mirada se presentan como discontinuos o contradictorios. En un estado del arte está presente la posibilidad de contribuir a la teoría y a la práct...

Full description

Bibliographic Details
Main Author: Messina, Graciela
Format: Analitica de revista
Language:Spanish
Published: Madrid, España Organización de los Estados Iberoamericanos para la Educación, la Ciencia y la Cultura 1999
Subjects:
Online Access:Acceso electrónico al documento

MARC

LEADER 00000cab a2200000 a 4500
001 040962
003 UAHC_CL
005 20170803124523.0
008 100602b sp 000 spa
040 |a UAHC_CL  |c UAHC_CL  |d UAHC_CL 
100 1 |a Messina, Graciela 
245 1 0 |a Investigación en o investigación acerca de la formación docente :  |b un estado del arte en los noventa. /  |c Graciela Messina. 
260 |b Organización de los Estados Iberoamericanos para la Educación, la Ciencia y la Cultura  |a Madrid, España  |c 1999 
300 |a p. 145-207 
500 |a En: Revista Iberoamericana de Educación. No. 19, enero - abril 1999. pp. 145-207. ISSN: 1022-6508. 
500 |a En: Revista Iberoamericana de Educación. No. 19, enero - abril 1999. pp. 145-207. ISSN: 1022-6508. 
520 |a Un estado del arte es un mapa que nos permite continuar caminando; un estado del arte es también una posibilidad de hilvanar discursos que en una primera mirada se presentan como discontinuos o contradictorios. En un estado del arte está presente la posibilidad de contribuir a la teoría y a la práctica de algo, en este caso de la formación docente. Este estado del arte da cuenta de las investigaciones acerca de la formación docente, que tuvieron lugar «principalmente» durante la década del noventa, aunque hemos incluido algunas investigaciones desarrolladas durante la década del ochenta. 
520 |a Un estado del arte es un mapa que nos permite continuar caminando; un estado del arte es también una posibilidad de hilvanar discursos que en una primera mirada se presentan como discontinuos o contradictorios. En un estado del arte está presente la posibilidad de contribuir a la teoría y a la práctica de algo, en este caso de la formación docente. Este estado del arte da cuenta de las investigaciones acerca de la formación docente, que tuvieron lugar «principalmente» durante la década del noventa, aunque hemos incluido algunas investigaciones desarrolladas durante la década del ochenta. 
650 4 |a FORMACION PROFESIONAL 
650 4 |a DOCENTES 
651 4 |a EUROPA 
759 |1 PP151 
856 |u http://www.rieoei.org/oeivirt/rie19a04.PDF  |3 Acceso electrónico al documento  |y Acceso electrónico al documento 
856 |u http://www.rieoei.org/oeivirt/rie19a04.PDF  |3 Acceso electrónico al documento  |y Acceso electrónico al documento 
900 |a REV. IBERO. EDU.-19/99 
942 |c REVA 
952 |0 0  |1 0  |4 0  |6 REV___IBERO__EDU_19_99_000000000000000  |7 0  |8 General  |9 76776  |a BC  |b BC  |c General  |d 2017-08-03  |l 0  |o REV. IBERO. EDU.-19/99  |p FICTICIO6537  |r 2019-01-08 00:00:00  |t 1  |w 2017-08-03  |y REVA 
999 |c 40962  |d 40962